000 00627nam a22001937a 4500
005 20251108165158.0
008 250721s1991 xx 000 0 ara d
082 1 4 _a818.02/سيد
100 1 _aعبد الفتاح، سيد صديق
245 1 0 _aأسرار الناجحين في الحياة /
250 _aط2
264 1 _aالقاهرة :
_bالدار المصرية اللبنانية،
_c1991.
300 _a205ص
490 0 _aالنجاح و السعادة بين الحظ و الذكاء
650 1 7 _aالأدب العربي
650 1 7 _aالحكم ( الأمثال )
942 _2ddc
_cBK
999 _c21397
_d21397